000 00511nam a2200169 a 4500
001 000017385
005 20200929165111.0
008 100324s19uu dr 001 0 spa d
040 _aDO-SdBNP
_bspa
_cBNPHU
082 _axxxx
_bR175m
100 1 _aRamos, César
_913341
245 1 0 _a1,000 refranes :
_bcharla-cuento /
_cCésar Ramos.
246 1 3 _amil refranes :
_bcharla-cuento
260 _aSanto Domingo :
_bFundación García Ravelo
_bAmigo del Hogar,
_c[199?].
300 _a41 p. ;
_c24 cm.
049 _aBNPD
999 _c16910
_d16910